00375nam a2200097Ia 4500008004100000100002600041245008300067260003900150650002700189856006100216160909s9999 xx 000 0 und d aCosgrove, Samantha J. aDrop, Cover, and Hold On: Analyzing Risk Communication through Visual Rhetoric bUniversity of South Florida.c2016 aInformation Technology uhttp://pqdtopen.proquest.com/doc/1810949220.html?FMT=ABS